000 00743nam a22001817a 4500
999 _c100314
_d100314
008 201130b ||||| |||| 00| 0 eng d
040 _bger
_cDE-2950
_erda
_aDE-2950
041 _ager
100 _aWaldmann, Nancy:
245 _a"Ärmel hoch und los!"
_bViadrina: Die neue Kulturkoordinatorin Constance Krüger will dafür sorgen, dass Studierende und Kulturakteure in Frankfurt stetig miteinander arbeiten /
_cNancy Waldmann
653 _aFrankfurt (Oder)
653 _aKulturentwicklung
773 _dFrankfurt (Oder): Märkisches Verlags- und Druckhaus GmbH & Co KG
_g32. Jahrgang (2021) Nr. 120 vom 27.05.2021, S.15: Foto
_tMärkische Oderzeitung
942 _cA